The spiral staircase : (Record no. 332062)

000 -LEADER
fixed length control field 01316cam a22002894a 4500
001 - CONTROL NUMBER
control field 13145615
003 - CONTROL NUMBER IDENTIFIER
control field NUST
005 - DATE AND TIME OF LATEST TRANSACTION
control field 20171108162722.0
008 - FIXED-LENGTH DATA ELEMENTS--GENERAL INFORMATION
fixed length control field 030402s2004 nyu 000 0aeng
010 ## - LIBRARY OF CONGRESS CONTROL NUMBER
LC control number 2003047550
020 ## - INTERNATIONAL STANDARD BOOK NUMBER
International Standard Book Number 9780007360888
040 ## - CATALOGING SOURCE
Original cataloging agency DLC
Transcribing agency DLC
Modifying agency DLC
042 ## - AUTHENTICATION CODE
Authentication code pcc
050 00 - LIBRARY OF CONGRESS CALL NUMBER
Classification number BX4668.3.A75
Item number A3 2004
082 00 - DEWEY DECIMAL CLASSIFICATION NUMBER
Classification number 200.92
Author Mark ARM
100 1# - MAIN ENTRY--PERSONAL NAME
Personal name Armstrong, Karen,
Dates associated with a name 1944-
9 (RLIN) 945
245 14 - TITLE STATEMENT
Title The spiral staircase :
Remainder of title my climb out of darkness /
Statement of responsibility, etc. Karen Armstrong.
250 ## - EDITION STATEMENT
Edition statement 1st ed.
260 ## - PUBLICATION, DISTRIBUTION, ETC.
Place of publication, distribution, etc. New York ;
-- Toronto :
Name of publisher, distributor, etc. Alfred A. Knopf,
Date of publication, distribution, etc. 2004.
300 ## - PHYSICAL DESCRIPTION
Extent xxii, 305 p. ;
Dimensions 23 cm.
600 10 - SUBJECT ADDED ENTRY--PERSONAL NAME
Personal name Armstrong, Karen,
Dates associated with a name 1944-
9 (RLIN) 945
650 #0 - SUBJECT ADDED ENTRY--TOPICAL TERM
Topical term or geographic name entry element Ex-nuns
Form subdivision Biography.
9 (RLIN) 6194
856 42 - ELECTRONIC LOCATION AND ACCESS
Materials specified Contributor biographical information
Uniform Resource Identifier <a href="http://www.loc.gov/catdir/bios/random055/2003047550.html">http://www.loc.gov/catdir/bios/random055/2003047550.html</a>
856 42 - ELECTRONIC LOCATION AND ACCESS
Materials specified Publisher description
Uniform Resource Identifier <a href="http://www.loc.gov/catdir/description/random0413/2003047550.html">http://www.loc.gov/catdir/description/random0413/2003047550.html</a>
906 ## - LOCAL DATA ELEMENT F, LDF (RLIN)
a 7
b cbc
c orignew
d 1
e ocip
f 20
g y-gencatlg
942 ## - ADDED ENTRY ELEMENTS (KOHA)
Source of classification or shelving scheme
Koha item type Book
Holdings
Withdrawn status Lost status Source of classification or shelving scheme Damaged status Not for loan Permanent Location Current Location Shelving location Date acquired Total Checkouts Full call number Barcode Checked out Date last seen Date last checked out Copy number Price effective from Koha item type
          Central Library (CL) Central Library (CL) Book Cart 11/08/2017 1 200.92 ARM CL44 01/13/2020 12/14/2019 12/14/2019 1 11/08/2017 Book
© 2023 Central Library, National University of Sciences and Technology. All Rights Reserved.